Normal view MARC view
  • Cocom Pech, Jorge Miguel,

Entry Nombre Personal

Number of records used in: 3

001 - NUMERO DE CONTROL

  • campo de control: 37310

003 - IDENTIFICADOR DE NUMERO DE CONTROL

  • campo de control: UPN

005 - FECHA Y HORA DE LA ÜLTIMA TRANSACCIÓN

  • campo de control: 20210219194524.0

008 - DATOS DE LONGITUD FIJA

  • campo de control de longitud fija: nabaccnnaabn|||||||||| b |nc|||||d

035 ## - NUMERO DE CONTROL

  • Número de control: UPN11000009417

040 ## - FUENTE DE CATALOGACIÓN

  • Lenguaje de catalogación: SPA
  • Agencia de transcripción: UPN

100 1# - ENCABEZAMIENTO - NOMBRE PERSONAL

  • Nombre personal: Cocom Pech, Jorge Miguel,
  • Fechas asociadas con el nombre: 1952-

670 ## - FUENTE EN LA QUE SE LOCALIZARON DATOS

  • Cita de la fuente: LC/P

680 ## - NOTA PUBLICA DE ACCESO PÚBLICO

  • Frase explicativa de la referencia: Nació en Calkiní, Campeche, México, es un escritor, poeta, ensayista, narrador y traductor, hablante de la lengua maya yucateca, su lengua materna. Es profesor normalista, egresado de la Escuela Normal de Profesores de Calkiní, Campeche; Director de Cámaras de Televisión, egresado del Instituto de la Comunicación Educativa; Profesor de Educación Media en la especialidad de Pedagogía, egresado de la Escuela Normal de la Federación de Escuelas Particulares; y pasante de Ingeniero Agrónomo, en la especialidad de Sociología Rural, por la Universidad Autónoma Chapingo.

902 ## - CATALOGADOR

  • Catalogador: MITM/230615